000 00481nam a2200181Ia 4500
003 GCL
008 140319s9999 xx 000 0 ara d
040 _aGCL /
_cGCL
082 0 4 _a910.202
_bع ت
100 1 _aعادل حموده
245 1 0 _aتركيا : الفستق والافيون /
_cعادل حموده
300 _a169 ص
490 _a
650 0 4 _aالاحوال الاجتماعية
650 0 4 _aتركيا
650 0 4 _aوصف ورحلات
942 _2ddc
_cBK
999 _c39797
_d39797